[Event "NAYCC U12"]
[Site "Toronto CAN"]
[Date "2013.08.18"]
[Round "8"]
[White "Li, Ben"]
[Black "Kobla, Vishal"]
[Result "1-0"]
[WhiteElo "2037"]
[BlackElo "1752"]
[PlyCount "133"]
[GameId "2160767909275625"]
[EventDate "2013.08.14"]
[EventType "swiss"]
[EventRounds "9"]
[EventCountry "CAN"]
[SourceTitle "EXT 2022"]
[Source "ChessBase"]
[SourceDate "2021.10.06"]
[SourceVersion "1"]
[SourceVersionDate "2021.10.06"]
[SourceQuality "1"]

1. d4 Nf6 2. Nf3 g6 3. c4 Bg7 4. Nc3 d5 5. Qb3 dxc4 6. Qxc4 O-O 7. e4 a6 8. e5 Nfd7 9. Be2 b5 10. Qb3 Nb6 11. O-O Be6 12. Qa3 Nc6 13. Qc5 Qd7 14. Rd1 Rfd8 15. Be3 Bc4 16. b3 Bxe2 17. Nxe2 Rac8 18. Rac1 Nb8 19. Nf4 e6 20. Ng5 Bf8 21. Qc2 Ba3 22. Ne4 Qe7 23. Rb1 N8d7 24. Nd3 Qf8 25. f3 Nd5 26. Bf2 Nb4 27. Nxb4 Bxb4 28. Bh4 Be7 29. Bxe7 Qxe7 30. Qc6 Nb8 31. Qc5 Qxc5 32. Nxc5 Rd5 33. Kf2 Rcd8 34. Ke3 Nc6 35. Nxa6 Nxd4 36. f4 c6 37. Rbc1 Nc2+ 38. Ke2 Rxd1 39. Rxd1 Rxd1 40. Kxd1 Ne3+ 41. Ke2 Nxg2 42. Kf3 Ne1+ 43. Ke4 Nc2 44. a4 bxa4 45. bxa4 Kf8 46. a5 Ke7 47. Nc5 Na3 48. a6 Nb5 49. Kd3 Kd8 50. Kc4 Kc7 51. Na4 Na7 52. Kc5 Nc8 53. Nc3 h6 54. Ne4 Nb6 55. Nd6 Nd5 56. a7 Nb6 57. Nxf7 Kb7 58. Nd8+ Kxa7 59. Kxc6 Nc4 60. Nxe6 g5 61. Nxg5 hxg5 62. e6 Na5+ 63. Kc7 gxf4 64. e7 f3 65. e8=Q Nb7 66. Qa4+ Na5 67. Qxa5# 1-0

[Event "NAYCC U12"]
[Site "Toronto CAN"]
[Date "2013.08.18"]
[Round "8"]
[White "Luo, Ricky"]
[Black "Xue, Andrew"]
[Result "1/2-1/2"]
[WhiteElo "1023"]
[BlackElo "1114"]
[PlyCount "35"]
[GameId "2160767909275626"]
[EventDate "2013.08.14"]
[EventType "swiss"]
[EventRounds "9"]
[EventCountry "CAN"]
[SourceTitle "EXT 2022"]
[Source "ChessBase"]
[SourceDate "2021.10.06"]
[SourceVersion "1"]
[SourceVersionDate "2021.10.06"]
[SourceQuality "1"]

1. d4 d5 2. c4 e6 3. e3 Nf6 4. Nc3 Nc6 5. Nf3 Bb4 6. a3 Bxc3+ 7. bxc3 Bd7 8. cxd5 exd5 9. c4 Bg4 10. Be2 O-O 11. Nd2 Bxe2 12. Qxe2 Re8 13. Bb2 Re7 14. O-O Qd6 15. h3 Rae8 16. Rfe1 Ne4 17. Nxe4 Rxe4 18. c5 1/2-1/2

[Event "NAYCC U12"]
[Site "Toronto CAN"]
[Date "2013.08.18"]
[Round "8"]
[White "Markarov, Stefan"]
[Black "Chertkow, Matthew"]
[Result "0-1"]
[WhiteElo "1284"]
[BlackElo "1046"]
[PlyCount "62"]
[GameId "2160767909275627"]
[EventDate "2013.08.14"]
[EventType "swiss"]
[EventRounds "9"]
[EventCountry "CAN"]
[SourceTitle "EXT 2022"]
[Source "ChessBase"]
[SourceDate "2021.10.06"]
[SourceVersion "1"]
[SourceVersionDate "2021.10.06"]
[SourceQuality "1"]

1. c4 e5 2. Nc3 Nf6 3. d3 d5 4. cxd5 Nxd5 5. Nxd5 Qxd5 6. e4 Qd6 7. Nf3 Nc6 8. Be2 Bg4 9. O-O O-O-O 10. Ng5 Bxe2 11. Qxe2 Qf6 12. Nf3 h6 13. a3 g5 14. b4 g4 15. Nd2 h5 16. Bb2 Nd4 17. Bxd4 exd4 18. b5 Be7 19. g3 Rdg8 20. e5 Qh6 21. f3 Bh4 22. f4 Be7 23. Ne4 h4 24. Ra2 hxg3 25. Nxg3 Bh4 26. Nf5 Qe6 27. Nxh4 Rxh4 28. Qf2 g3 29. hxg3 Qh3 30. Qh2 Rxg3+ 31. Kh1 Qxf1# 0-1

[Event "NAYCC U12"]
[Site "Toronto CAN"]
[Date "2013.08.18"]
[Round "8"]
[White "Mercado, Carlos"]
[Black "Asaria, Danial"]
[Result "1-0"]
[WhiteElo "1782"]
[BlackElo "2022"]
[PlyCount "61"]
[GameId "2160767909275628"]
[EventDate "2013.08.14"]
[EventType "swiss"]
[EventRounds "9"]
[EventCountry "CAN"]
[SourceTitle "EXT 2022"]
[Source "ChessBase"]
[SourceDate "2021.10.06"]
[SourceVersion "1"]
[SourceVersionDate "2021.10.06"]
[SourceQuality "1"]

1. e4 c5 2. Nc3 e6 3. Nf3 Nc6 4. g3 d5 5. exd5 exd5 6. d4 cxd4 7. Nxd4 Bc5 8. Be3 Nxd4 9. Bxd4 Qe7+ 10. Be2 Nf6 11. O-O O-O 12. Bxf6 Qxf6 13. Qxd5 Bb6 14. Qf3 Qd4 15. Rfd1 Qb4 16. b3 Bg4 17. Qxg4 Qxc3 18. Bd3 g6 19. Qf4 Rad8 20. Be4 Rd4 21. Qf3 Qb2 22. Rxd4 Qxa1+ 23. Rd1 Qxa2 24. Rd7 Qa1+ 25. Kg2 f5 26. Bd5+ Kh8 27. Qf4 Bd4 28. Qd6 Bg7 29. Rd8 Qf6 30. Qxf6 Bxf6 31. Rxf8+ 1-0

[Event "NAYCC U12"]
[Site "Toronto CAN"]
[Date "2013.08.18"]
[Round "8"]
[White "Pierre, Dashwood"]
[Black "Mihailov, Dmitrii"]
[Result "0-1"]
[WhiteElo "886"]
[BlackElo "982"]
[PlyCount "48"]
[GameId "2160767909275629"]
[EventDate "2013.08.14"]
[EventType "swiss"]
[EventRounds "9"]
[EventCountry "CAN"]
[SourceTitle "EXT 2022"]
[Source "ChessBase"]
[SourceDate "2021.10.06"]
[SourceVersion "1"]
[SourceVersionDate "2021.10.06"]
[SourceQuality "1"]

1. e4 e5 2. Nf3 Nc6 3. Bc4 Nf6 4. Nc3 Bc5 5. d3 d6 6. Bg5 Bg4 7. h3 Bh5 8. g4 Bg6 9. Qe2 Bb4 10. Qd2 Nd4 11. Nxd4 exd4 12. O-O-O dxc3 13. bxc3 Ba3+ 14. Kb1 O-O 15. Bxf6 Qxf6 16. h4 b5 17. h5 bxc4 18. hxg6 Rab8+ 19. Ka1 Bb2+ 20. Kb1 Bxc3+ 21. Kc1 Bxd2+ 22. Kxd2 c3+ 23. Kc1 Qf4+ 24. Rd2 Qxd2# 0-1

[Event "NAYCC U12"]
[Site "Toronto CAN"]
[Date "2013.08.18"]
[Round "8"]
[White "Seela, Anirudh"]
[Black "Fan, Run Kun"]
[Result "1/2-1/2"]
[WhiteElo "1812"]
[BlackElo "1568"]
[PlyCount "89"]
[GameId "2160767909275631"]
[EventDate "2013.08.14"]
[EventType "swiss"]
[EventRounds "9"]
[EventCountry "CAN"]
[SourceTitle "EXT 2022"]
[Source "ChessBase"]
[SourceDate "2021.10.06"]
[SourceVersion "1"]
[SourceVersionDate "2021.10.06"]
[SourceQuality "1"]

1. c4 e6 2. Nc3 d5 3. d4 c6 4. cxd5 exd5 5. Nf3 Nf6 6. Bg5 Be7 7. Qc2 O-O 8. e3 h6 9. Bf4 Re8 10. Bd3 Be6 11. O-O Nbd7 12. a3 Rc8 13. Qd2 Nh5 14. Be5 Nxe5 15. Nxe5 Nf6 16. b4 a6 17. Na4 b5 18. Nc5 Bxc5 19. bxc5 Ne4 20. Qc2 f6 21. Ng6 a5 22. f3 Ng5 23. h4 Nh7 24. Nf4 Nf8 25. Nxe6 Nxe6 26. Bf5 Rc7 27. Rfe1 Nf8 28. Rad1 Rce7 29. Qc3 g6 30. Bc2 f5 31. h5 Qd7 32. hxg6 Nxg6 33. Qxa5 Rxe3 34. Rxe3 Rxe3 35. Re1 Rxe1+ 36. Qxe1 Kf7 37. Qe3 Kg7 38. Kf2 f4 39. Qd3 Qe6 40. Qd2 Qf6 41. Qb4 Nh4 42. Qd2 Qg5 43. Kf1 Nf5 44. Bb3 Qh4 45. Ke2 1/2-1/2

[Event "NAYCC U12"]
[Site "Toronto CAN"]
[Date "2013.08.18"]
[Round "8"]
[White "Shen, Christopher"]
[Black "Zhang, Zhehai"]
[Result "1-0"]
[WhiteElo "2018"]
[BlackElo "1526"]
[PlyCount "71"]
[GameId "2160767909275632"]
[EventDate "2013.08.14"]
[EventType "swiss"]
[EventRounds "9"]
[EventCountry "CAN"]
[SourceTitle "EXT 2022"]
[Source "ChessBase"]
[SourceDate "2021.10.06"]
[SourceVersion "1"]
[SourceVersionDate "2021.10.06"]
[SourceQuality "1"]

1. e4 c5 2. Nc3 e6 3. g3 Nc6 4. Bg2 Qc7 5. d3 Nf6 6. f4 d6 7. Nf3 a6 8. O-O Be7 9. h3 b5 10. Be3 Bb7 11. Ne2 Rc8 12. g4 d5 13. e5 Nd7 14. c3 c4 15. d4 b4 16. f5 exf5 17. gxf5 bxc3 18. bxc3 O-O 19. Qe1 Kh8 20. Nf4 Nd8 21. Qg3 Qa5 22. Nh5 Rg8 23. Bg5 Bf8 24. Bxd8 Rxd8 25. Ng5 Nxe5 26. dxe5 Bc5+ 27. Kh1 Rdf8 28. e6 fxe6 29. fxe6 Rxf1+ 30. Rxf1 h6 31. Nf7+ Kh7 32. Qh4 Be3 33. Qg3 Qxc3 34. Ne5 Bd4 35. Qg6+ Kh8 36. Nf7# 1-0

[Event "NAYCC U12"]
[Site "Toronto CAN"]
[Date "2013.08.18"]
[Round "8"]
[White "Solano, Carlos"]
[Black "Johnson-Constantin, Mathieu"]
[Result "1/2-1/2"]
[WhiteElo "1771"]
[BlackElo "1523"]
[PlyCount "45"]
[GameId "2160767909275633"]
[EventDate "2013.08.14"]
[EventType "swiss"]
[EventRounds "9"]
[EventCountry "CAN"]
[SourceTitle "EXT 2022"]
[Source "ChessBase"]
[SourceDate "2021.10.06"]
[SourceVersion "1"]
[SourceVersionDate "2021.10.06"]
[SourceQuality "1"]

1. e4 c5 2. Nc3 d6 3. d3 Nc6 4. Nf3 Nf6 5. g3 g6 6. Bg2 Bg7 7. O-O O-O 8. h3 e6 9. Be3 b6 10. Qd2 d5 11. exd5 exd5 12. Bh6 Bb7 13. Rfe1 Qd7 14. Bxg7 Kxg7 15. Re2 d4 16. Ne4 Nxe4 17. Rxe4 Nb4 18. Re2 Rfe8 19. a3 Rxe2 20. Qxe2 Re8 21. Qd2 Nc6 22. Re1 Re7 23. Kf1 1/2-1/2

[Event "NAYCC U12"]
[Site "Toronto CAN"]
[Date "2013.08.18"]
[Round "8"]
[White "Sun, Andy"]
[Black "Li, William"]
[Result "0-1"]
[WhiteElo "1082"]
[BlackElo "1409"]
[PlyCount "94"]
[GameId "2160767909275634"]
[EventDate "2013.08.14"]
[EventType "swiss"]
[EventRounds "9"]
[EventCountry "CAN"]
[SourceTitle "EXT 2022"]
[Source "ChessBase"]
[SourceDate "2021.10.06"]
[SourceVersion "1"]
[SourceVersionDate "2021.10.06"]
[SourceQuality "1"]

1. e4 c5 2. Nf3 e6 3. Nc3 a6 4. d4 cxd4 5. Nxd4 Nc6 6. Be2 Bb4 7. O-O Nge7 8. a3 Bc5 9. Be3 Bb6 10. Qd2 O-O 11. f4 d5 12. Nxc6 bxc6 13. Kh1 Qc7 14. Bxb6 Qxb6 15. h3 Qc7 16. Bd3 Bb7 17. f5 exf5 18. exf5 f6 19. Ne2 Bc8 20. c4 dxc4 21. Bxc4+ Kh8 22. Bd3 Bd7 23. Nd4 a5 24. Ne6 Bxe6 25. fxe6 Rad8 26. Qc2 g6 27. Rf3 Qe5 28. Bc4 Rd4 29. Rd1 Rfd8 30. Rfd3 Nf5 31. Rxd4 Rxd4 32. Rxd4 Nxd4 33. Qc3 Nf5 34. Qxe5 fxe5 35. Kg1 Kg7 36. Kf2 Kf6 37. g4 Nd4 38. b4 axb4 39. axb4 Nxe6 40. Bxe6 Kxe6 41. g5 Kf5 42. h4 Kg4 43. Ke3 Kxh4 44. Ke4 Kxg5 45. Kxe5 h5 46. Kd6 h4 47. Kxc6 h3 0-1

[Event "NAYCC U12"]
[Site "Toronto CAN"]
[Date "2013.08.18"]
[Round "8"]
[White "Sun, Benjamin"]
[Black "Menon, Vishal"]
[Result "1/2-1/2"]
[WhiteElo "1414"]
[BlackElo "1674"]
[PlyCount "66"]
[GameId "2160767909275635"]
[EventDate "2013.08.14"]
[EventType "swiss"]
[EventRounds "9"]
[EventCountry "CAN"]
[SourceTitle "EXT 2022"]
[Source "ChessBase"]
[SourceDate "2021.10.06"]
[SourceVersion "1"]
[SourceVersionDate "2021.10.06"]
[SourceQuality "1"]

1. e4 c5 2. Nf3 d6 3. d4 cxd4 4. Nxd4 Nf6 5. Nc3 a6 6. Bg5 e6 7. f4 Be7 8. Qf3 Nbd7 9. O-O-O Qc7 10. g4 b5 11. Bxf6 Nxf6 12. g5 Nd7 13. f5 Bxg5+ 14. Kb1 Ne5 15. Qh5 Be7 16. fxe6 g6 17. exf7+ Nxf7 18. Qe2 O-O 19. Nd5 Qb7 20. Bg2 Ne5 21. h3 Bd8 22. Nf3 Be6 23. Nxe5 dxe5 24. a3 Rc8 25. Bf3 Bb6 26. h4 Bxd5 27. exd5 Rcd8 28. Rhf1 Qg7 29. Bg4 Bc5 30. Be6+ Kh8 31. Rxf8+ Qxf8 32. Qxe5+ Qg7 33. Qxg7+ Kxg7 1/2-1/2

[Event "NAYCC U12"]
[Site "Toronto CAN"]
[Date "2013.08.18"]
[Round "8"]
[White "Wang, Dinny"]
[Black "Chen, Richard"]
[Result "1/2-1/2"]
[WhiteElo "1670"]
[BlackElo "1942"]
[PlyCount "259"]
[GameId "2160767909275636"]
[EventDate "2013.08.14"]
[EventType "swiss"]
[EventRounds "9"]
[EventCountry "CAN"]
[SourceTitle "EXT 2022"]
[Source "ChessBase"]
[SourceDate "2021.10.06"]
[SourceVersion "1"]
[SourceVersionDate "2021.10.06"]
[SourceQuality "1"]

1. e4 c5 2. Nf3 Nc6 3. Nc3 Nf6 4. d4 cxd4 5. Nxd4 e5 6. Nf3 Bb4 7. Bd3 d5 8. exd5 Nxd5 9. Bd2 O-O 10. h3 Bxc3 11. Bxc3 e4 12. Bxe4 Re8 13. Qe2 Nxc3 14. bxc3 Bf5 15. Nd2 Bxe4 16. Nxe4 Qh4 17. O-O Qxe4 18. Qb5 Qe5 19. Qxb7 Qxc3 20. Rad1 Rab8 21. Qc7 Rbc8 22. Qb7 Qb4 23. Rd7 Qxb7 24. Rxb7 Re7 25. Rfb1 Kf8 26. Kf1 Ke8 27. c3 Rcc7 28. R7b3 Na5 29. Rb8+ Kd7 30. Rd1+ Kc6 31. a4 Nc4 32. Rb4 Nb6 33. a5 Nd5 34. Rb3 Rb7 35. Ra3 Rb2 36. c4 Nb4 37. Rf3 Rc2 38. Rf4 Nd3 39. Rf3 Nb2 40. Re1 Rxe1+ 41. Kxe1 f6 42. Re3 Rxc4 43. Re7 Kd6 44. Rxa7 Rc7 45. Ra8 Kc6 46. a6 Nc4 47. Rb8 Nb6 48. Ke2 Ra7 49. Rh8 h6 50. Rh7 Kd6 51. Kf3 Ke6 52. g4 Kf7 53. Rh8 Rxa6 54. Rd8 Ra3+ 55. Kg2 Nc4 56. Rd4 Ne5 57. Rf4 Ke6 58. f3 g5 59. Rf5 Ra4 60. Kg3 Ra3 61. Kg2 Rxf3 62. Rxf3 Nxf3 63. Kxf3 Kd5 64. Ke3 Ke5 65. Ke2 Ke4 66. Kf2 Kf4 67. Kg2 Ke3 68. Kg3 Ke2 69. Kg2 Ke3 70. Kg3 Ke4 71. Kf2 Kd3 72. Kf3 Kd4 73. Kf2 Ke4 74. Ke2 Kf4 75. Kf2 f5 76. gxf5 Kxf5 77. Ke3 h5 78. Kf3 Ke5 79. Ke3 Kd5 80. Kd3 Ke5 81. Ke3 Kd5 82. Kd3 Ke5 83. Ke3 h4 84. Kf3 Kf6 85. Ke3 Ke5 86. Kf3 Ke6 87. Kg4 Kf6 88. Kf3 Kf7 89. Kg4 Kg6 90. Kf3 Kh5 91. Kf2 Kh6 92. Kf3 Kg7 93. Kg4 Kf6 94. Kf3 Kf7 95. Kg4 Kg6 96. Kf3 Kf5 97. Ke3 Ke5 98. Kf3 Kf5 99. Ke3 Kf6 100. Kf3 Kg7 101. Kg4 Kh6 102. Kf3 Kh5 103. Kf2 Kg6 104. Kf3 Kf7 105. Kg4 Kf6 106. Kf3 Ke6 107. Kg4 Kf6 108. Kf3 Ke7 109. Kg4 Kf6 110. Kf3 Kg7 111. Kg4 Kg6 112. Kf3 Kf5 113. Ke3 Kg6 114. Kf3 Kh5 115. Kf2 Kh6 116. Kf3 Kg7 117. Kg4 Kf6 118. Kf3 Ke5 119. Kg4 Kf6 120. Kf3 Kf5 121. Ke3 g4 122. hxg4+ Kxg4 123. Kf2 Kf4 124. Kg2 Kf5 125. Kf3 Kg5 126. Kg2 Kg4 127. Kh2 Kf5 128. Kh1 Kg5 129. Kg1 Kg4 130. Kh1 1/2-1/2

[Event "NAYCC U12"]
[Site "Toronto CAN"]
[Date "2013.08.18"]
[Round "8"]
[White "Zheng, Maven"]
[Black "Xiao, Kevin"]
[Result "0-1"]
[WhiteElo "1060"]
[BlackElo "1247"]
[PlyCount "142"]
[GameId "2160767909275638"]
[EventDate "2013.08.14"]
[EventType "swiss"]
[EventRounds "9"]
[EventCountry "CAN"]
[SourceTitle "EXT 2022"]
[Source "ChessBase"]
[SourceDate "2021.10.06"]
[SourceVersion "1"]
[SourceVersionDate "2021.10.06"]
[SourceQuality "1"]

1. d4 Nf6 2. c4 g6 3. Nf3 Bg7 4. Nc3 O-O 5. e4 d6 6. Be2 Nbd7 7. O-O c5 8. d5 Nb6 9. Re1 Bd7 10. h3 Qc7 11. Bf4 Nh5 12. Bh2 Rad8 13. Rc1 Rfe8 14. a3 a6 15. b4 e6 16. b5 a5 17. Qd2 e5 18. g4 Nf6 19. Bg3 h5 20. gxh5 Nxh5 21. Bh4 Ra8 22. Kh2 Nf4 23. Ng1 Qc8 24. Qe3 Kh7 25. Bg5 Nxe2 26. Qxe2 f6 27. Bh4 Rh8 28. Qf1 g5 29. Bg3 Kg8 30. Nd1 Bh6 31. Rc2 g4 32. h4 Bg5 33. f3 Kg7 34. Qf2 Bf4 35. Bxf4 exf4 36. fxg4 Bxg4 37. Kg2 Bxd1 38. Rxd1 Qg4+ 39. Kf1 Qxd1+ 40. Kg2 Qg4+ 41. Kf1 Qxh4 42. Qg2+ Qg3 43. Qxg3+ fxg3 44. Rg2 Kf7 45. Rxg3 Nxc4 46. Ne2 Rhg8 47. Rh3 Nd2+ 48. Ke1 Nxe4 49. Rh7+ Rg7 50. Rh4 Re8 51. Kd1 Ng3 52. Nf4 Re4 53. Ng2 Rxh4 54. Nxh4 Rg5 55. Nf3 Rxd5+ 56. Ke1 Rd3 57. Kf2 Ne4+ 58. Ke2 Rxa3 59. Ne1 Rb3 60. Nc2 Rxb5 61. Na3 Rb3 62. Nc4 a4 63. Nd2 Nxd2 64. Kxd2 a3 65. Kc2 Rb6 66. Kd3 a2 67. Kc4 a1=Q 68. Kd3 Qd4+ 69. Ke2 Qc3 70. Kf2 Rb2+ 71. Kf1 Qc1# 0-1

[Event "NAYCC U12"]
[Site "Toronto CAN"]
[Date "2013.08.18"]
[Round "9"]
[White "Asaria, Danial"]
[Black "Frutos, Chase"]
[Result "0-1"]
[WhiteElo "2022"]
[BlackElo "1916"]
[PlyCount "74"]
[GameId "2160767909275640"]
[EventDate "2013.08.14"]
[EventType "swiss"]
[EventRounds "9"]
[EventCountry "CAN"]
[SourceTitle "hb 2013"]

1. e4 c5 2. Nf3 d6 3. d4 cxd4 4. Qxd4 Bd7 5. c4 Nc6 6. Qd3 Nf6 7. Bg5 e6 8. Nc3 a6 9. Be2 h6 10. Bh4 Rc8 11. Rd1 Be7 12. e5 Nxe5 13. Nxe5 dxe5 14. Bxf6 Bxf6 15. Ne4 Qa5+ 16. Rd2 Rc7 17. Nd6+ Ke7 18. O-O Bc6 19. a3 e4 20. Qc2 e3 21. fxe3 Qg5 22. Bf3 Qxe3+ 23. Kh1 Bxf3 24. gxf3 Qf4 25. Qd3 Rd8 26. Nf5+ Ke8 27. Nd6+ Kf8 28. b4 Rcd7 29. c5 Be5 30. Rfd1 Bxd6 31. Qxd6+ Rxd6 32. Rxd6 Rxd6 33. Rxd6 Qxf3+ 34. Kg1 Qe3+ 35. Kh1 g5 36. Rd7 Qf3+ 37. Kg1 Qxa3 0-1

[Event "NAYCC U12"]
[Site "Toronto CAN"]
[Date "2013.08.18"]
[Round "9"]
[White "Balachandran, Henushan"]
[Black "Valkov, Andrey"]
[Result "1-0"]
[WhiteElo "958"]
[BlackElo "911"]
[PlyCount "133"]
[GameId "2160767909275641"]
[EventDate "2013.08.14"]
[EventType "swiss"]
[EventRounds "9"]
[EventCountry "CAN"]
[SourceTitle "hb 2013"]

1. e4 e5 2. Nf3 Nc6 3. Nc3 Nf6 4. Bc4 Bc5 5. O-O O-O 6. d3 d6 7. h3 h6 8. Be3 Bxe3 9. fxe3 b6 10. d4 Na5 11. dxe5 Nxc4 12. exf6 Qxf6 13. Nd2 Nxe3 14. Rxf6 Nxd1 15. Rf1 Nxc3 16. bxc3 a5 17. Rae1 Ba6 18. Rf4 Rae8 19. Nf3 Bb5 20. e5 Bc6 21. exd6 cxd6 22. Rxe8 Rxe8 23. Nd4 g5 24. Rf6 Kg7 25. Rxd6 Ba4 26. Rxb6 Re1+ 27. Kf2 Rc1 28. Nf5+ Kh8 29. Rxh6+ Kg8 30. Ra6 Rxc2+ 31. Kg3 Rxc3+ 32. Kg4 Bd7 33. Rxa5 Rc4+ 34. Kxg5 Ra4 35. Rxa4 Bxa4 36. Nh6+ Kg7 37. g4 f6+ 38. Kh5 Bd1 39. Nf5+ Kh7 40. Kh4 Kg6 41. Ne7+ Kh6 42. Kg3 Kg5 43. h4+ Kh6 44. Kf4 Bc2 45. g5+ fxg5+ 46. hxg5+ Kg7 47. g6 Bxg6 48. Nxg6 Kxg6 49. Ke5 Kf7 50. Kd6 Ke8 51. Kc7 Ke7 52. a4 Ke6 53. a5 Kd5 54. a6 Kc5 55. a7 Kd4 56. a8=R Ke4 57. Rd8 Ke3 58. Kc6 Ke4 59. Kc5 Ke3 60. Kc4 Kf4 61. Re8 Kg5 62. Kd4 Kg4 63. Ke5 Kg3 64. Ke4 Kg2 65. Ke3 Kg1 66. Ke2 Kh1 67. Kf2 1-0

[Event "NAYCC U12"]
[Site "Toronto CAN"]
[Date "2013.08.18"]
[Round "9"]
[White "Chen, Richard"]
[Black "Solano, Carlos"]
[Result "1-0"]
[WhiteElo "1942"]
[BlackElo "1771"]
[PlyCount "61"]
[GameId "2160767909275642"]
[EventDate "2013.08.14"]
[EventType "swiss"]
[EventRounds "9"]
[EventCountry "CAN"]
[SourceTitle "hb 2013"]

1. e4 e6 2. d3 d5 3. Nd2 Nf6 4. Ngf3 c5 5. g3 Nc6 6. Bg2 Be7 7. O-O O-O 8. e5 Nd7 9. Re1 Qc7 10. Qe2 b6 11. Nf1 Bb7 12. h4 Rfe8 13. N1h2 f6 14. exf6 Bxf6 15. c3 e5 16. Ng5 Nd8 17. Qh5 Ne6 18. Qf7+ Kh8 19. Nxe6 Qc6 20. Ng5 Bxg5 21. Bxg5 h6 22. Qh5 Kg8 23. Bd2 Nf6 24. Qd1 Qb5 25. Ng4 Nxg4 26. Qxg4 Kh8 27. Qe2 Qxb2 28. a4 Rad8 29. Reb1 Qc2 30. Rc1 Qb2 31. Qd1 1-0

[Event "NAYCC U12"]
[Site "Toronto CAN"]
[Date "2013.08.18"]
[Round "9"]
[White "Chertkow, Matthew"]
[Black "Liu, Ryan"]
[Result "1-0"]
[WhiteElo "1046"]
[BlackElo "1090"]
[PlyCount "60"]
[GameId "2160767909275643"]
[EventDate "2013.08.14"]
[EventType "swiss"]
[EventRounds "9"]
[EventCountry "CAN"]
[SourceTitle "hb 2013"]

1. e4 d5 2. exd5 Qxd5 3. Nc3 Qa5 4. d4 Nf6 5. Nf3 Nc6 6. Bf4 Bg4 7. Bb5 Bd7 8. O-O O-O-O 9. d5 h6 10. dxc6 Bxc6 11. Bd3 g5 12. Bg3 Nh5 13. Ne5 Nxg3 14. Nxc6 bxc6 15. fxg3 f6 16. Qg4+ Kb8 17. Rf5 Qb6+ 18. Kf1 Bg7 19. Na4 Qb7 20. Nc5 Qxb2 21. Qb4+ Qxb4 22. Na6+ Kb7 23. Nxb4 e6 24. Rf3 f5 25. Rb1 c5 26. Na6+ Kc8 27. Nxc5 Rd6 28. Re3 Rb6 29. Ba6+ Kd8 30. Nb7+ Ke7 1-0

[Event "NAYCC U12"]
[Site "Toronto CAN"]
[Date "2013.08.18"]
[Round "9"]
[White "Doknjas, Joshua"]
[Black "Kelly, Joey M"]
[Result "0-1"]
[WhiteElo "1856"]
[BlackElo "1936"]
[PlyCount "64"]
[GameId "2160767909275644"]
[EventDate "2013.08.14"]
[EventType "swiss"]
[EventRounds "9"]
[EventCountry "CAN"]
[SourceTitle "hb 2013"]

1. e4 c5 2. Nf3 Nc6 3. Bb5 d6 4. Bxc6+ bxc6 5. O-O e5 6. c3 Bg4 7. Re1 Nf6 8. d3 Be7 9. Nbd2 O-O 10. Nc4 Qc7 11. Be3 Rad8 12. h3 Bh5 13. Qc2 Nd7 14. d4 Bg6 15. dxc5 d5 16. Ncd2 dxe4 17. Ng5 Nxc5 18. Bxc5 e3 19. Nde4 Bxc5 20. fxe3 h6 21. Qe2 Be7 22. Qg4 hxg5 23. Nxg5 Bxg5 24. Qxg5 Rfe8 25. h4 Qe7 26. Qg4 Qe6 27. Qf3 Rd2 28. h5 e4 29. Qf4 Bxh5 30. Rf1 Rxb2 31. Rab1 Qxa2 32. Rxb2 Qxb2 0-1

[Event "NAYCC U12"]
[Site "Toronto CAN"]
[Date "2013.08.18"]
[Round "9"]
[White "Johnson-Constantin, Mathieu"]
[Black "Balendra, Harigaran"]
[Result "0-1"]
[WhiteElo "1523"]
[BlackElo "1317"]
[PlyCount "80"]
[GameId "2160767909275645"]
[EventDate "2013.08.14"]
[EventType "swiss"]
[EventRounds "9"]
[EventCountry "CAN"]
[SourceTitle "hb 2013"]

1. e4 c5 2. Nf3 Nc6 3. d4 cxd4 4. Nxd4 Nf6 5. Nc3 e6 6. Nxc6 bxc6 7. e5 Nd5 8. Ne4 Bb7 9. c4 Nb6 10. Bg5 Qb8 11. f4 Bb4+ 12. Kf2 h6 13. Bh4 Nc8 14. Bf6 d5 15. Bxg7 dxe4 16. Bxh8 Bc5+ 17. Kg3 Ne7 18. Qg4 Qc7 19. Bf6 O-O-O 20. Bxe7 Qxe7 21. h3 e3 22. Be2 Bd4 23. Rab1 c5 24. Bf3 Ba6 25. b3 f6 26. exf6 Qxf6 27. Kh2 Qe7 28. f5 Be5+ 29. g3 Rd2+ 30. Be2 exf5 31. Qxf5+ Kc7 32. Qg4 Qg5 33. Kg1 Bxg3 34. Qxg5 hxg5 35. Kf1 Rxa2 36. Rg1 Bh4 37. Rd1 Bb7 38. Bg4 Bc8 39. Rg2 Rxg2 40. Kxg2 Bxg4 0-1

[Event "NAYCC U12"]
[Site "Toronto CAN"]
[Date "2013.08.18"]
[Round "9"]
[White "Ju, Terrence"]
[Black "Hou, Frank Gui"]
[Result "1/2-1/2"]
[WhiteElo "1388"]
[BlackElo "987"]
[PlyCount "71"]
[GameId "2160767909275646"]
[EventDate "2013.08.14"]
[EventType "swiss"]
[EventRounds "9"]
[EventCountry "CAN"]
[SourceTitle "EXT 2022"]
[Source "ChessBase"]
[SourceDate "2021.10.06"]
[SourceVersion "1"]
[SourceVersionDate "2021.10.06"]
[SourceQuality "1"]

1. d4 d5 2. c4 dxc4 3. Nc3 Nc6 4. Nf3 Nf6 5. Bf4 Bg4 6. e3 e6 7. a3 a6 8. Bxc4 Bd6 9. Bxd6 cxd6 10. O-O d5 11. Bd3 O-O 12. Rc1 Rc8 13. h3 Bh5 14. Na4 Ne4 15. Nc5 Bxf3 16. gxf3 Nxc5 17. Rxc5 f5 18. f4 Rf6 19. Kg2 Rg6+ 20. Kf3 Qh4 21. Ke2 Qxh3 22. Kd2 Qh4 23. Qf3 Rf8 24. Rcc1 Qf6 25. Rh1 Rh6 26. Rhg1 Qe7 27. Rg3 Rff6 28. Rcg1 g6 29. Rh3 Rxh3 30. Qxh3 h5 31. Rg5 Kh7 32. Qh4 Rf7 33. Be2 Kh8 34. Qg3 Rh7 35. Rxg6 Qf7 36. Rg5 1/2-1/2

[Event "NAYCC U12"]
[Site "Toronto CAN"]
[Date "2013.08.18"]
[Round "9"]
[White "Kobla, Vishal"]
[Black "Huang, Immanuel"]
[Result "1-0"]
[WhiteElo "1752"]
[BlackElo "1517"]
[PlyCount "49"]
[GameId "2160767909275647"]
[EventDate "2013.08.14"]
[EventType "swiss"]
[EventRounds "9"]
[EventCountry "CAN"]
[SourceTitle "hb 2013"]

1. e4 e5 2. Nf3 Nc6 3. Bc4 Bc5 4. c3 Nf6 5. d4 exd4 6. cxd4 Bb4+ 7. Bd2 Bxd2+ 8. Nbxd2 d5 9. exd5 Nxd5 10. Qb3 Na5 11. Qa4+ c6 12. Bxd5 Qxd5 13. Rc1 b6 14. b4 Nc4 15. Nxc4 b5 16. Qc2 bxc4 17. Qxc4 Be6 18. Qxc6+ Qxc6 19. Rxc6 Bxa2 20. Kd2 O-O 21. Ra1 Bd5 22. Rca6 Rfb8 23. Rxa7 Rxa7 24. Rxa7 Rxb4 25. Rd7 1-0

[Event "NAYCC U12"]
[Site "Toronto CAN"]
[Date "2013.08.18"]
[Round "9"]
[White "Li, William"]
[Black "Corvera Choi, Malik"]
[Result "0-1"]
[WhiteElo "1409"]
[BlackElo "1539"]
[PlyCount "64"]
[GameId "2160767909275648"]
[EventDate "2013.08.14"]
[EventType "swiss"]
[EventRounds "9"]
[EventCountry "CAN"]
[SourceTitle "hb 2013"]

1. e4 c5 2. Nf3 d6 3. d4 cxd4 4. Nxd4 Nf6 5. Nc3 a6 6. Be3 e5 7. Nb3 Be6 8. Be2 Nbd7 9. O-O Be7 10. Bf3 b5 11. a3 O-O 12. Qe2 Bc4 13. Qd2 Bxf1 14. Rxf1 Nb6 15. Qe2 Nc4 16. Bc1 Qd7 17. Nd2 Rac8 18. Nxc4 Rxc4 19. Rd1 Rfc8 20. Rd3 a5 21. Rd2 b4 22. Nd1 Rd4 23. Rxd4 exd4 24. b3 Qc7 25. c4 dxc3 26. a4 c2 27. Ne3 Qc3 28. Nd5 Nxd5 29. exd5 Bg5 30. Bg4 Bxc1 31. Bxc8 Qxc8 32. Qe7 Bg5 0-1